000 00845nam a2200265 i 4500
001 000038620
003 DO-SdBNP
005 20250627103713.0
007 ta
008 250627s1996 dr 000 0 spa d
040 _aDO-SdBNP
_bspa
_cBNPHU
_drda
041 _hsp
082 _axxx
_bF727
_222
100 _964953
111 1 _aForo Nacional de la Juventud
_cCentro de Eventos y Exposiciones, Santo Domingo, República Dominicana
_d29 y 30 de Noviembre y 1ero. de Diciembre de 1996
_988205
245 1 0 _aHacía una juventud participativa
264 _aSanto Domingo :
_bPromoción de la Juventud,
_c1996
300 _a113 páginas. ;
_c23 cm.
336 _ardacontent
_btexto
_2txt
337 _ardamedia
_bsin mediación
_2n
338 _ardacarrier
_bvolumen
_2nc
590 _aInventariado, 2025/DG
910 _aDG
942 _2ddc
_cLBS1
999 _c59388
_d59388